| 000 | 00569nam a22002057a 4500 | ||
|---|---|---|---|
| 003 | 0 | ||
| 005 | 20160609165317.0 | ||
| 008 | 100121t xxu||||| |||| 00| 0 eng d | ||
| 020 | _a978-92-5-206188-5 | ||
| 022 | _a1020-5306 | ||
| 040 |
_aBIDOC _bfr _cbidoc |
||
| 110 |
_aFAO _92954 |
||
| 245 | _aCommerce responsable du poisson | ||
| 260 |
_aRome _bFAO _c2009 |
||
| 300 |
_aix-25 p. _bcouv. ill. en coul. _c21 cm. |
||
| 440 |
_aFAO Directives techniques pour une pĂȘche responsable _n11 _92955 |
||
| 650 |
_aPoisson _92956 |
||
| 650 |
_acommerce _92957 |
||
| 942 | _cLIVR | ||
| 999 |
_c46764 _d46764 |
||